| 000 | 00589 a2200193 4500 | ||
|---|---|---|---|
| 999 |
_c30190 _d30190 |
||
| 003 | NUST | ||
| 005 | 20180118115946.0 | ||
| 008 | 180118b xxu||||| |||| 00| 0 eng d | ||
| 020 | _a0070605017 | ||
| 020 | _a9780070605015 | ||
| 082 | _a519.2 | ||
| 100 | 1 |
_aLipschutz, Seymour. _98529 |
|
| 245 | 1 | 0 |
_aSchaum's outline of introduction to probability and statistics / _cSeymour Lipschutz, John J. Schiller. |
| 250 | _aTata McGraw-Hill Edition | ||
| 260 |
_aNew Delhi _bTata McGraw-Hill, _c2006. |
||
| 300 |
_a384 p. ; _c27 cm. |
||
| 490 | 1 | _aSchaum's outline series. | |
| 700 |
_aSchiller, John _98663 |
||
| 830 |
_aSchaum's outline series _98664 |
||
| 942 |
_aSNS _cBK _k519.2 LIP _2ddc |
||